000 00407nam a2200169Ia 4500
008 230524s9999 xx 000 0 und d
020 _a9789351776451
082 _bKAL
100 _aA.P.J. Abdul Kalam
_941784
245 0 _aAdvantage India
250 _a1
260 _aNoida
_bHarper Collins
_c2015
300 _a203p;
500 _aQuantity Number: 1
650 _aMisalliance
_941785
942 _cBK
999 _c56215
_d56215